000 00395pab a2200157 454500
008 180718b2015 xxu||||| |||| 00| 0 eng d
100 _aChenoy, Dilip
245 _aRe-defining skills development landscape in India
260 _c2015
300 _ap.7-9.
362 _aOct
650 _aSkills development - India
650 _aSkills development
773 _aYojana
909 _a109338
999 _c109333
_d109333